|
|
|
|
| LEADER |
00903nam a2200325 4500 |
| 001 |
DLU060055826 |
| 005 |
##19980624104633.1 |
| 008 |
##851216s1986 si a b 000 0 eng |
| 010 |
# |
# |
|a 85029641
|
| 020 |
# |
# |
|a 9971978709
|
| 035 |
# |
# |
|9 (DLC) 85029641
|
| 040 |
# |
# |
|a DLC
|c DLC
|d DLC
|
| 082 |
# |
# |
|a 530.15
|b WI-F
|
| 100 |
# |
# |
|a Wiegel, Frederik W.,
|d 1938-
|
| 245 |
# |
# |
|a Introduction to path-integral methods in physics and polymer science /
|c F.W. Wiegel.
|
| 260 |
# |
# |
|a Singapore ;
|a Philadelphia :
|b World Scientific,
|c c1986.
|
| 300 |
# |
# |
|a xi, 197 p. :
|b ill. ;
|c 24 cm.
|
| 504 |
# |
# |
|a Includes bibliographies.
|
| 650 |
# |
# |
|a Path integrals.
|
| 650 |
# |
# |
|a Polymers.
|
| 923 |
# |
# |
|a 262006
|
| 992 |
# |
# |
|a 6300
|
| 994 |
# |
# |
|a DLU
|
| 900 |
# |
# |
|a True
|
| 911 |
# |
# |
|a Thái Thị Thanh Thủy
|
| 925 |
# |
# |
|a G
|
| 926 |
# |
# |
|a A
|
| 927 |
# |
# |
|a SH
|
| 980 |
# |
# |
|a Thư viện Trường Đại học Đà Lạt
|